| 000 -LEADER |
| fixed length control field |
00575nam a2200229Ia 4500 |
| 001 - CONTROL NUMBER |
| control field |
3075 |
| 003 - CONTROL NUMBER IDENTIFIER |
| control field |
GE_BSU |
| 008 - FIXED-LENGTH DATA ELEMENTS--GENERAL INFORMATION |
| fixed length control field |
181216s||||||||xx |||||||||||||| ||und|| |
| 040 ## - CATALOGING SOURCE |
| Transcribing agency |
GE_BSU |
| 080 ## - UNIVERSAL DECIMAL CLASSIFICATION NUMBER |
| Universal Decimal Classification number |
621.56/57 |
| 100 ## - MAIN ENTRY--PERSONAL NAME |
| Personal name |
Якобсон,В.Б |
| 245 ## - TITLE STATEMENT |
| Title |
Малые холодильные машины |
| 245 ## - TITLE STATEMENT |
| Statement of responsibility, etc. |
Ред.Г.А.Гусева |
| 260 ## - PUBLICATION, DISTRIBUTION, ETC. |
| Place of publication, distribution, etc. |
М |
| 260 ## - PUBLICATION, DISTRIBUTION, ETC. |
| Name of publisher, distributor, etc. |
Пищевая промышленность |
| 260 ## - PUBLICATION, DISTRIBUTION, ETC. |
| Date of publication, distribution, etc. |
1977 |
| 300 ## - PHYSICAL DESCRIPTION |
| Extent |
368 стр. |
| 300 ## - PHYSICAL DESCRIPTION |
| Other physical details |
илл. |
| 300 ## - PHYSICAL DESCRIPTION |
| Dimensions |
24 см |
| 653 ## - INDEX TERM--UNCONTROLLED |
| Uncontrolled term |
Машиностроение |
| 942 ## - ADDED ENTRY ELEMENTS (KOHA) |
| Koha item type |
წიგნი |